<?xml version="1.0" encoding="UTF-8"?>
<record
    xmlns:xsi="http://www.w3.org/2001/XMLSchema-instance"
    xsi:schemaLocation="http://www.loc.gov/MARC21/slim http://www.loc.gov/standards/marcxml/schema/MARC21slim.xsd"
    xmlns="http://www.loc.gov/MARC21/slim">

  <leader>02071nam a22003737a 4500</leader>
  <controlfield tag="003">NALT</controlfield>
  <controlfield tag="005">20250926104743.0</controlfield>
  <controlfield tag="008">230803b        th ||||| |||| 00| 1 tha d</controlfield>
  <datafield tag="020" ind1=" " ind2=" ">
    <subfield code="a">9786169027539</subfield>
  </datafield>
  <datafield tag="040" ind1=" " ind2=" ">
    <subfield code="a">NALT</subfield>
  </datafield>
  <datafield tag="041" ind1="1" ind2=" ">
    <subfield code="a">tha</subfield>
    <subfield code="h">eng</subfield>
  </datafield>
  <datafield tag="050" ind1=" " ind2=" ">
    <subfield code="a">PR 4624</subfield>
    <subfield code="b">&#xE23;476&#xE2A; 2553</subfield>
  </datafield>
  <datafield tag="100" ind1="1" ind2=" ">
    <subfield code="9">61199</subfield>
    <subfield code="a">&#xE23;&#xE34;&#xE01;&#xE2A;&#xE4C;, &#xE41;&#xE23;&#xE19;&#xE0B;&#xE31;&#xE21;</subfield>
  </datafield>
  <datafield tag="245" ind1="1" ind2="0">
    <subfield code="a">&#xE2A;&#xE37;&#xE1A;&#xE41;&#xE1A;&#xE1A;&#xE40;&#xE0A;&#xE2D;&#xE23;&#xE4C;&#xE25;&#xE47;&#xE2D;&#xE04; &#xE42;&#xE2E;&#xE25;&#xE4C;&#xE21;&#xE2A;&#xE4C; =</subfield>
    <subfield code="b">The Sherlock Holmes /</subfield>
    <subfield code="c">&#xE41;&#xE23;&#xE19;&#xE0B;&#xE31;&#xE21; &#xE23;&#xE34;&#xE01;&#xE2A;&#xE4C;, &#xE40;&#xE02;&#xE35;&#xE22;&#xE19; ; &#xE22;&#xE39;&#xE22;&#xE35;&#xE19; &#xE2A;&#xE21;&#xE34;&#xE18;, &#xE20;&#xE32;&#xE1E;&#xE1B;&#xE23;&#xE30;&#xE01;&#xE2D;&#xE1A; ; &#xE40;&#xE08;&#xE23;&#xE34;&#xE0D; &#xE27;&#xE23;&#xE23;&#xE18;&#xE19;&#xE30;&#xE2A;&#xE34;&#xE19;, &#xE41;&#xE1B;&#xE25;.</subfield>
  </datafield>
  <datafield tag="250" ind1=" " ind2=" ">
    <subfield code="a">&#xE1E;&#xE34;&#xE21;&#xE1E;&#xE4C;&#xE04;&#xE23;&#xE31;&#xE49;&#xE07;&#xE41;&#xE23;&#xE01;.</subfield>
  </datafield>
  <datafield tag="260" ind1=" " ind2=" ">
    <subfield code="a">&#xE01;&#xE23;&#xE38;&#xE07;&#xE40;&#xE17;&#xE1E;&#xE2F; :</subfield>
    <subfield code="b">&#xE27;&#xE34;&#xE2A;&#xE14;&#xE2D;&#xE21;&#xE40;&#xE2E;&#xE32;&#xE2A;&#xE4C;,</subfield>
    <subfield code="c">2553.</subfield>
  </datafield>
  <datafield tag="300" ind1=" " ind2=" ">
    <subfield code="a">223 &#xE2B;&#xE19;&#xE49;&#xE32; :</subfield>
    <subfield code="b">&#xE20;&#xE32;&#xE1E;&#xE1B;&#xE23;&#xE30;&#xE01;&#xE2D;&#xE1A; ;</subfield>
    <subfield code="c">21 &#xE0B;&#xE21;.</subfield>
  </datafield>
  <datafield tag="505" ind1="2" ind2=" ">
    <subfield code="a">&#xE20;&#xE32;&#xE04; 1 &#xE17;&#xE31;&#xE01;&#xE29;&#xE30;&#xE02;&#xE2D;&#xE07;&#xE19;&#xE31;&#xE01;&#xE2A;&#xE37;&#xE1A; -- &#xE20;&#xE32;&#xE04; 2 &#xE17;&#xE31;&#xE01;&#xE29;&#xE30;&#xE02;&#xE2D;&#xE07;&#xE01;&#xE32;&#xE23;&#xE2D;&#xE22;&#xE39;&#xE48;&#xE23;&#xE2D;&#xE14; -- &#xE20;&#xE32;&#xE04; 3 &#xE17;&#xE31;&#xE01;&#xE29;&#xE30;&#xE0A;&#xE35;&#xE27;&#xE34;&#xE15; -- &#xE20;&#xE32;&#xE04;4 &#xE20;&#xE32;&#xE04;&#xE1C;&#xE19;&#xE27;&#xE01;.</subfield>
  </datafield>
  <datafield tag="600" ind1="1" ind2="4">
    <subfield code="9">28090</subfield>
    <subfield code="a">&#xE14;&#xE2D;&#xE22;&#xE25;&#xE4C;, &#xE2D;&#xE32;&#xE23;&#xE4C;&#xE40;&#xE18;&#xE2D;&#xE23;&#xE4C; &#xE42;&#xE04;&#xE41;&#xE19;&#xE19;,  </subfield>
    <subfield code="c">&#xE40;&#xE0B;&#xE2D;&#xE23;&#xE4C;,</subfield>
    <subfield code="d">&#xE04;.&#xE28;. 1859-1930</subfield>
  </datafield>
  <datafield tag="600" ind1="1" ind2="4">
    <subfield code="9">28089</subfield>
    <subfield code="a">&#xE42;&#xE2E;&#xE25;&#xE4C;&#xE21;&#xE2A;&#xE4C;, &#xE40;&#xE0A;&#xE2D;&#xE23;&#xE4C;&#xE25;&#xE47;&#xE2D;&#xE04;</subfield>
    <subfield code="x">&#xE15;&#xE31;&#xE27;&#xE25;&#xE30;&#xE04;&#xE23;&#xE41;&#xE25;&#xE30;&#xE25;&#xE31;&#xE01;&#xE29;&#xE13;&#xE30;&#xE19;&#xE34;&#xE2A;&#xE31;&#xE22;</subfield>
  </datafield>
  <datafield tag="650" ind1=" " ind2="4">
    <subfield code="9">6850</subfield>
    <subfield code="a">&#xE19;&#xE27;&#xE19;&#xE34;&#xE22;&#xE32;&#xE22;&#xE2A;&#xE37;&#xE1A;&#xE2A;&#xE27;&#xE19;&#xE2A;&#xE2D;&#xE1A;&#xE2A;&#xE27;&#xE19;</subfield>
  </datafield>
  <datafield tag="650" ind1=" " ind2="4">
    <subfield code="9">80</subfield>
    <subfield code="a">&#xE19;&#xE27;&#xE19;&#xE34;&#xE22;&#xE32;&#xE22;&#xE2D;&#xE31;&#xE07;&#xE01;&#xE24;&#xE29;</subfield>
  </datafield>
  <datafield tag="650" ind1=" " ind2="4">
    <subfield code="9">61212</subfield>
    <subfield code="a">&#xE01;&#xE32;&#xE23;&#xE2A;&#xE37;&#xE1A;&#xE2A;&#xE27;&#xE19;&#xE04;&#xE14;&#xE35;&#xE2D;&#xE32;&#xE0D;&#xE32;</subfield>
    <subfield code="x">&#xE27;&#xE34;&#xE18;&#xE35;&#xE01;&#xE32;&#xE23;</subfield>
    <subfield code="z">&#xE2D;&#xE31;&#xE07;&#xE01;&#xE24;&#xE29;</subfield>
  </datafield>
  <datafield tag="700" ind1="1" ind2=" ">
    <subfield code="9">36793</subfield>
    <subfield code="a">Riggs, Ransom</subfield>
  </datafield>
  <datafield tag="700" ind1="1" ind2=" ">
    <subfield code="9">61208</subfield>
    <subfield code="a">Smith, Eugene</subfield>
  </datafield>
  <datafield tag="700" ind1="1" ind2=" ">
    <subfield code="9">61209</subfield>
    <subfield code="a">&#xE2A;&#xE21;&#xE34;&#xE18;, &#xE22;&#xE39;&#xE22;&#xE35;&#xE19;</subfield>
  </datafield>
  <datafield tag="700" ind1="0" ind2=" ">
    <subfield code="9">283</subfield>
    <subfield code="a">&#xE40;&#xE08;&#xE23;&#xE34;&#xE0D; &#xE27;&#xE23;&#xE23;&#xE18;&#xE19;&#xE30;&#xE2A;&#xE34;&#xE19;</subfield>
  </datafield>
  <datafield tag="850" ind1=" " ind2=" ">
    <subfield code="a">NALT</subfield>
  </datafield>
  <datafield tag="942" ind1=" " ind2=" ">
    <subfield code="c">GB</subfield>
    <subfield code="2">lcc</subfield>
  </datafield>
  <datafield tag="996" ind1=" " ind2=" ">
    <subfield code="a">chunbijaya.r</subfield>
    <subfield code="b">CATSTF	</subfield>
    <subfield code="c">2023-08-03</subfield>
  </datafield>
  <datafield tag="996" ind1=" " ind2=" ">
    <subfield code="a">saiphon.d</subfield>
    <subfield code="b">CATSTF	</subfield>
    <subfield code="c">2023-08-04</subfield>
  </datafield>
  <datafield tag="999" ind1=" " ind2=" ">
    <subfield code="c">102416</subfield>
    <subfield code="d">102416</subfield>
  </datafield>
  <datafield tag="998" ind1=" " ind2=" ">
    <subfield code="j">111</subfield>
    <subfield code="k"> &#xE19;&#xE32;&#xE07;&#xE2A;&#xE32;&#xE27;&#xE1E;&#xE08;&#xE1E;&#xE34;&#xE13;  &#xE1E;&#xE23;&#xE21;&#xE40;&#xE2D;&#xE35;&#xE48;&#xE22;&#xE21;</subfield>
  </datafield>
  <datafield tag="952" ind1=" " ind2=" ">
    <subfield code="0">0</subfield>
    <subfield code="1">0</subfield>
    <subfield code="2">lcc</subfield>
    <subfield code="4">0</subfield>
    <subfield code="7">0</subfield>
    <subfield code="8">CGBL</subfield>
    <subfield code="a">NALT</subfield>
    <subfield code="b">NALT</subfield>
    <subfield code="c">GEN</subfield>
    <subfield code="d">2023-08-03</subfield>
    <subfield code="l">4</subfield>
    <subfield code="m">3</subfield>
    <subfield code="o">PR 4624 &#xE23;476&#xE2A; 2553</subfield>
    <subfield code="p">3961223286</subfield>
    <subfield code="r">2025-10-08 00:00:00</subfield>
    <subfield code="s">2025-09-26</subfield>
    <subfield code="w">2023-08-03</subfield>
    <subfield code="y">GB</subfield>
  </datafield>
</record>
